000 00336nam a22001457a 4500
008 250423b ||||| |||| 00| 0 eng d
020 _a9780972732314
041 _aeng
080 _22005
_a101RUG
082 _2101RUG
_a101RUG
100 _a42
101 _aFILOZOFI
245 _aTHE LEADERS COMPASS
_cED RUGGERO
942 _2udc
_cBK
999 _c60704
_d60704